Statistics for FIFA 15 Top 50 Paciest Players

Click here to take the quiz!

General Stats

  • This quiz has been taken 45 times
  • The average score is 13 of 50

Answer Stats

PaceCountryClubPlayer Name% Correct
93PortugalReal MadridCristiano Ronaldo
93%
94WalesReal MadridGareth Bale
93%
93ArgentinaF.C BarcalonaLionel Messi
88%
96EnglandArsenalTheo Walcott
80%
95GabonBorussia DortmundPierre-Emerick Aubameyang
75%
93HollandBayern MunichArjen Robben
70%
93ColombiaChelseaJuan Cuadrado
65%
93EnglandManchester CityRaheem Sterling
65%
93EgyptChelseaMohamed Salah
63%
93BrazilParis Saint GermainLucas Moura
58%
93Ivory CoastRomaGervinho
55%
96FranceParmaJonathan Biabiany
50%
93Ivory CoastRomaSeydou Doumbia
50%
92SpainF.C BarcalonaJordi Alba
40%
93U.S.ATottenham HotspurDeAndre Yedlin
38%
97Ivory CoastFortuna DussledorfMathis Bolly
38%
93NigeriaSeattle SoundersObafemi Martins
33%
93NigeriaCSKA MoscowAhmed Musa
30%
92ArgentinaRomaJuan Manuel Iturbe
23%
92UruguayHull CityAbel Hernandez
15%
93HollandPSV EindhovenLuciano Narsingh
15%
92ItalyAC MilanIgnazio Abate
13%
94JapanF.C St PauliRyo Miyaichi
13%
94DR CongoC.A OsasunaCedrick
8%
92GhanaBournemouthChristian Atsu
8%
95GhanaMontreal ImpactDominic Oduro
8%
94Saudi ArabiaAl IttihadFahad Al Muwallad
8%
93EcuadorWatfordJuan Carlos Paredes
8%
94GambiaVancouver WhitecapsKekuta Manneh
8%
93U.S.AColarado RapidsMarvell Wynne
8%
94NigeriaCrotoneNnamdi Oduamadi
8%
92EnglandEvertonAaron Lennon
5%
92GhanaAnderlechtFrank Acheampong
5%
93U.S.AMolde FKJoshua Gatt
5%
93BrazilLokomotiv MoscowMaicon
5%
93EnglandSouthend UnitedMyles Weston
5%
92South AfricaBournemouthTokelo Rantie
5%
93South KoreaJeju UnitedBae Ki Jong
3%
93GhanaStabaek IFErnest Asante
3%
93ColombiaMonarcas MoreliaJefferson Cuero
3%
93HollandPEC ZwolleJody Lukoki
3%
93EcuadorTigresJoffre Guerron
3%
93GermanyErzgebirge AueMike Konnecke
3%
93Saudi ArabiaAl NassrAbdulrahim Jazawi
0%
92ArgentinaRacing Club de AvellanedaAdrian Centurion
0%
93ItalyTrapaniAndrea Raimondi
0%
92IrelandGillinghamBradley Garmston
0%
92FranceOlympais LyonClaudio Beavue
0%
93NigeriaWisla KrakowEmmanuel Sarki
0%
93South KoreaJeonbuk Hyundai MotorsLee Seung Hyun
0%

Score Distribution

Percentile by Number Answered

Percent of People with Each Score

Your Score History

You have not taken this quiz